000 00738nam a2200193 4500
001 138608
003 ES-MaACL
005 20250812063123.0
007 t|
008 070214s1973 sp r ||||1| spa d
100 1 _aSantamaría Pastor, Juan Alfonso,
_d1942-
_9103312
245 1 0 _aSobre la génesis del Derecho administrativo español en el siglo XIX
_b: (1812-1845) /
_cJuan Alfonso Santamaría Pastor.
260 _aSevilla :
_bUniversidad, Instituto García Oviedo,
_c1973.
300 _a162 p. ;
_c20 cm.
490 1 _aUniversidad de Sevilla ;
_vInstituto García Oviedo
830 0 _aUniversidad de Sevilla ;
_vInstituto García Oviedo
_9220173
852 _aES-MaACL
_jG-2870
_bR.114337
999 _c138608
_d138608